<?xml version="1.0" encoding="UTF-8"?>
<record
    xmlns:xsi="http://www.w3.org/2001/XMLSchema-instance"
    xsi:schemaLocation="http://www.loc.gov/MARC21/slim http://www.loc.gov/standards/marcxml/schema/MARC21slim.xsd"
    xmlns="http://www.loc.gov/MARC21/slim">

  <leader>00959nab a2200265 uc4500</leader>
  <controlfield tag="001">783873</controlfield>
  <controlfield tag="005">20251002100643.0</controlfield>
  <controlfield tag="008">021105s2002                        spa  </controlfield>
  <datafield tag="035" ind1=" " ind2=" ">
    <subfield code="a">783873</subfield>
  </datafield>
  <datafield tag="035" ind1=" " ind2=" ">
    <subfield code="a">(OCoLC)819996640</subfield>
  </datafield>
  <datafield tag="040" ind1=" " ind2=" ">
    <subfield code="c">comduadb</subfield>
  </datafield>
  <datafield tag="041" ind1=" " ind2=" ">
    <subfield code="a">spa</subfield>
  </datafield>
  <datafield tag="100" ind1="1" ind2="0">
    <subfield code="a">Martinez Moya, Juan</subfield>
    <subfield code="4">aut</subfield>
    <subfield code="e">aut</subfield>
    <subfield code="9">360890</subfield>
  </datafield>
  <datafield tag="245" ind1="1" ind2="3">
    <subfield code="a">El tiempo de trabajo : una vision jurisprudencial</subfield>
  </datafield>
  <datafield tag="650" ind1=" " ind2=" ">
    <subfield code="a">Tiempo de trabajo</subfield>
    <subfield code="9">26923</subfield>
  </datafield>
  <datafield tag="650" ind1=" " ind2="7">
    <subfield code="a">Negociaciones colectivas de trabajo</subfield>
    <subfield code="2">armarc</subfield>
    <subfield code="9">41908</subfield>
  </datafield>
  <datafield tag="650" ind1=" " ind2="7">
    <subfield code="a">Condiciones de trabajo</subfield>
    <subfield code="2">unescot</subfield>
    <subfield code="9">1398</subfield>
  </datafield>
  <datafield tag="650" ind1=" " ind2=" ">
    <subfield code="a">Trabajo y trabajadores - Espa&#xF1;a</subfield>
    <subfield code="9">42475</subfield>
  </datafield>
  <datafield tag="650" ind1=" " ind2=" ">
    <subfield code="a">Derecho laboral - Legislacion - Espa&#xF1;a</subfield>
    <subfield code="9">42946</subfield>
  </datafield>
  <datafield tag="650" ind1=" " ind2=" ">
    <subfield code="a">Jornada de trabajo</subfield>
    <subfield code="9">5892</subfield>
  </datafield>
  <datafield tag="650" ind1=" " ind2=" ">
    <subfield code="a">Horas extras</subfield>
    <subfield code="9">27005</subfield>
  </datafield>
  <datafield tag="650" ind1=" " ind2=" ">
    <subfield code="a">Vacaciones laborales</subfield>
    <subfield code="9">3931</subfield>
  </datafield>
  <datafield tag="773" ind1="0" ind2=" ">
    <subfield code="t">Revista del Ministerio de Trabajo y Asuntos Sociales (Madrid)</subfield>
    <subfield code="g">N&#xFA;mero 038 de 2002. Derecho del Trabajo, p. 67-93</subfield>
    <subfield code="w">321927</subfield>
    <subfield code="x">1137-5868</subfield>
    <subfield code="0">106617</subfield>
  </datafield>
  <datafield tag="942" ind1=" " ind2=" ">
    <subfield code="c">ARIMP</subfield>
  </datafield>
  <datafield tag="999" ind1=" " ind2=" ">
    <subfield code="c">267749</subfield>
    <subfield code="d">267749</subfield>
  </datafield>
</record>
